Título en la letra 4 - Estadísticas

Estadísticas generales
  • Esta prueba ha sido intentada 3.134 veces
  • La puntuación promedio es 9 de 15
Estadísticas de respuestas
Letra % Correcto
Por eso esperaba con la carita empapada / A que llegaras con {rosas}, con mil {rosas} para mí / Porque ya sabes que me encantan esas cosas / Que no importa si es muy tonto, soy así
93%
Suavemente, {bésame} / Que quiero sentir tus labios / Besándome otra vez
93%
Y se formó {la} {gozadera} / Miami me lo confirmó (¿Qué me confirmó?) / Y el arroz con habichuela' / Puerto Rico me lo regaló / Y la tambora merenguera / Dominicana ya repicó / Con México, Colombia y Venezuela / Y del Caribe somos tú y yo
92%
¿Qué pasará? ¿Qué misterio habrá? / Puede ser {mi} {gran} {noche} / Y al despertar, ya mi vida sabrá / Algo que no conoce
87%
Te envío poemas de mi puño y letra / Te envío canciones de 4.40 / Te envío las fotos cenando en Marbella / Y cuando estuvimos por Venezuela / Y así me recuerdes y tengas presente / Que mi corazón está {colgando} {en} {tus} {manos}
83%
{Tenía} {tanto} {que} {darte} / Tantas cosas que contarte / Tenía tanto amor guardado para ti
80%
Me sube {la} {bilirrubina} (Ay, me sube {la} {bilirrubina}) / Cuando te miro y no me miras (Ay, cuando te miro y no me miras) / Y no lo quita la aspirina (No, ni un suero con penicilina) / Es un amor que contamina
75%
Yo te quiero con {limón} {y} {sal} / Yo te quiero tal y como estás / No hace falta cambiarte nada / Yo te quiero si vienes o si vas / Si subes, si bajas, si no estás / Seguro de lo que sientes
71%
Ya lo ves, la vida es así / Tú te vas y yo me quedo aquí / Lloverá y ya no seré tuya / Seré {la} {gata} {bajo} {la} {lluvia}/ Y maullaré por ti
62%
Luna, quieres ser madre / Y no encuentras querer que te haga mujer / Dime, Luna de plata / ¿Qué pretendes hacer con un niño de piel? / {Hijo} {de} {la} {Luna}
56%
{Bailar} {pegados} es bailar / Igual que baila el mar / Con los delfines / Corazón con corazón / En un solo salón / Dos bailarines
51%
Y yo la miro... / Y ella no me dice nada... / Pero sus dos ojos negros / Se me clavan como espadas / Pero sus dos ojos negros / Se me clavan como espadas / ¡Ay, {chiquilla}!
29%
Déjame, que yo no tengo la culpa de verte caer / Si yo no tengo la culpa de ver que / {Entre} {dos} {tierras} estás / Y no dejas aire que respirar
25%
{Duele} {el} {amor} sin ti / Llueve hasta mojar / {Duele} {el} {amor} sin ti / Duele hasta matar / {Duele} {el} {amor} sin ti / Todo está tan gris
21%
Es mi situación / Una desolación / Soy como un {lamento} / {Lamento} {boliviano} / Que un día empezó / Y no va a terminar / Y a nadie hace daño
16%
No se encontraron pruebas coincidentes
Distribución de puntuación
Porcentaje de gente con cada puntuación
Porcentaje por número respondido
Historial de tus puntuaciones
No has intentado esta prueba.